[Event " ch N1"]
[Site "Niort"]
[Date "2006.10.15"]
[Round "1.4"]
[White "Saada, Julien"]
[Black "Demuth, Adrien"]
[Result "0-1"]
[WhiteElo "2247"]
[BlackElo "2168"]
[PlyCount "130"]
[EventDate "2006.10.15"]

1. d4 Nf6 2. Bg5 d5 3. Bxf6 exf6 4. c4 dxc4 5. e3 Bd6 6. Bxc4 O-O 7. Nc3 f5 8.
Qf3 Nd7 9. h4 Nf6 10. Nge2 Qe7 11. Nf4 c6 12. g3 Bd7 13. Bd3 Rfe8 14. O-O $11
Ne4 15. Rfd1 Rad8 16. Rac1 h6 17. Bf1 g5 $11 18. hxg5 hxg5 19. Nd3 g4 20. Qe2
Qg5 21. Nxe4 fxe4 22. Nc5 Bc8 23. Qc2 Qe7 24. Bg2 f5 25. a3 b6 26. Na4 Bb7 27.
b4 Rc8 28. Nb2 Kg7 29. Nc4 Rh8 30. Qb2 Kg6 31. Nxd6 Qxd6 32. Qe2 Qd7 33. Rd2
Rh6 34. Qc4 Rch8 35. Kf1 Qh7 36. Ke2 Rh2 37. Bf1 Kg5 38. a4 Qc7 39. Kd1 Qd6 40.
Rcc2 Rh1 41. Kc1 Rg1 42. Rd1 Rhh1 43. Be2 a5 44. Rb2 axb4 45. Rxb4 Ba6 46. Qg8+
Kf6 47. Rxg1 Rxg1+ 48. Kc2 Qxb4 49. Qd8+ Qe7 50. Qh8+ Qg7 51. Qd8+ Kg6 52. Bxa6
Rg2 53. Bc8 Rxf2+ 54. Kc3 Rf3 55. Bd7 Rxe3+ 56. Kc2 Rf3 57. Bxc6 Qf6 58. Be8+
Kg5 59. Qd5 Rxg3 60. Bd7 Rd3 61. Qg8+ Kf4 62. Qb8+ Kf3 63. Qh2 Qxd4 64. Qh1+
Kf4 65. Qh2+ Kg5 0-1

[Event " ch N1"]
[Site "Niort"]
[Date "2006.10.15"]
[Round "1.5"]
[White "Flament, Alexandre"]
[Black "Fougerit, Valentin"]
[Result "1-0"]
[WhiteElo "2087"]
[BlackElo "2212"]
[PlyCount "45"]
[EventDate "2006.10.15"]

1. d4 Nf6 2. Nf3 e6 3. e3 c5 4. Bd3 Be7 5. O-O b6 6. b3 Bb7 7. Nbd2 O-O 8. Bb2
Qc7 9. Re1 Nc6 10. a3 Rac8 11. c4 cxd4 12. exd4 d6 13. Qe2 Nb8 14. d5 e5 15.
Nxe5 $1 Nxd5 16. Qh5 Nf6 17. Qh3 dxe5 18. Bxe5 Qd7 19. Bf5 Qxd2 20. Bxf6 g6 21.
Rxe7 Rce8 22. Bxg6 $1 h6 23. Qf5 1-0

[Event " ch N1"]
[Site "Niort"]
[Date "2006.10.15"]
[Round "1.6"]
[White "Picard, Clement"]
[Black "Migne, Christophe"]
[Result "1-0"]
[WhiteElo "2160"]
[BlackElo "2019"]
[PlyCount "111"]
[EventDate "2006.10.15"]

1. e4 e5 2. Bc4 f5 3. d3 Nf6 4. Nf3 Nc6 5. O-O Bc5 6. Nc3 d6 7. a3 f4 8. b4 Bb6
9. Na4 Bg4 10. c3 Ne7 11. Nxb6 axb6 12. Re1 Ng6 13. d4 Nh4 14. Be2 Nxf3+ 15.
Bxf3 Bxf3 16. Qxf3 O-O 17. Bb2 Nd7 18. c4 Qf6 19. Red1 Rf7 20. Rd3 Qe6 21. d5
Qg6 22. Qe2 Raf8 23. f3 Ra8 24. a4 Rff8 25. Rda3 Ra6 26. a5 Qe8 27. Bc3 bxa5
28. Rxa5 Rxa5 29. Rxa5 b6 30. Ra7 Qb8 31. Qa2 Qc8 32. Qa4 h6 33. Qc6 Nb8 34.
Qxc7 Qxc7 35. Rxc7 Rd8 36. Kf1 Kh7 37. Ke2 Rd7 38. Rxd7 Nxd7 39. Kd3 Kg8 40.
Kc2 Kf7 41. Kb3 Ke8 42. Ka4 Kd8 43. Kb5 Kc7 44. Be1 Kb7 45. Bf2 g5 46. c5 bxc5
47. bxc5 dxc5 48. Bxc5 g4 49. Bd6 h5 50. Bb4 h4 51. h3 Nf6 52. Be7 Nxe4 53.
fxe4 f3 54. Bxh4 fxg2 55. Bf2 gxh3 56. Bg1 1-0

[Event " ch N1"]
[Site "Niort"]
[Date "2006.10.15"]
[Round "1.7"]
[White "Gjoka, Genc"]
[Black "Robert, Frederic"]
[Result "0-1"]
[WhiteElo "2019"]
[BlackElo "2064"]
[PlyCount "136"]
[EventDate "2006.10.15"]

1. e4 e6 2. d3 d5 3. Nd2 c5 4. g3 Bd7 5. Bg2 Bc6 6. e5 Nd7 7. Qe2 Qc7 8. Ngf3
Ne7 9. O-O h6 10. c3 Bb5 11. a4 Bc6 12. d4 a5 13. b3 b6 14. Ba3 Bb7 15. Rfc1
Nc6 16. Nf1 Be7 17. Ne3 O-O 18. Bh3 Rfc8 19. Qd2 Qd8 20. Nc2 cxd4 21. cxd4 Ba6
22. Bxe7 Qxe7 23. Bf1 Bxf1 24. Rxf1 Rc7 25. Rfc1 Rac8 26. Na3 Nb4 27. Rxc7 Rxc7
28. Ne1 Nb8 29. Nb5 Rc6 30. Rc1 Qd7 31. Rc3 Rxc3 32. Qxc3 Qc6 33. Qd2 N8a6 34.
Kg2 Nc7 35. Nd6 b5 36. Qf4 Qd7 37. Qc1 bxa4 38. bxa4 Nca6 39. Qd1 Nb8 40. Nb5
N8c6 41. Nd3 Qc8 42. Nf4 Ne7 43. Qh5 Qd7 44. Qg4 Kf8 45. Nd6 Nf5 46. Nh5 g6 47.
Nf6 Qxa4 48. Nxf5 exf5 49. Qf4 Kg7 50. g4 Nc2 51. gxf5 Qxd4 52. Qg3 Ne1+ 53.
Kf1 Nd3 54. Nd7 Nf4 55. f6+ Kh7 56. Qe3 Qd1+ 57. Qe1 Qxe1+ 58. Kxe1 a4 59. Kd2
a3 60. Kc2 d4 61. Nc5 d3+ 62. Kd2 a2 63. Nb3 g5 64. Kc3 Kg8 65. Kb2 Nh3 66.
Kxa2 Nxf2 67. Kb2 Ng4 68. Kc3 Nxe5 0-1

[Event " ch N1"]
[Site "Niort"]
[Date "2006.10.15"]
[Round "1.8"]
[White "Boulan, Laura"]
[Black "Marchais, Aurelie"]
[Result "1/2-1/2"]
[WhiteElo "1927"]
[BlackElo "1778"]
[PlyCount "100"]
[EventDate "2006.10.15"]

1. e4 c6 2. d4 d5 3. e5 Bf5 4. Nf3 e6 5. Be2 Nd7 6. O-O Ne7 7. Re1 c5 8. Be3
Nc6 9. a3 Be7 10. c4 cxd4 11. Nxd4 Nxd4 12. Bxd4 dxc4 13. Bxc4 O-O 14. Nc3 a6
15. f4 b5 16. Be2 Rc8 17. Rf1 h6 18. Bf3 Rc7 19. Qe2 Nc5 20. Rad1 Qc8 21. Bf2
Rd8 22. Rxd8+ Qxd8 23. Rd1 Rd7 24. Be3 Rxd1+ 25. Nxd1 Qd3 26. h3 Qxe2 27. Bxe2
Bd3 28. Kf1 Bxe2+ 29. Kxe2 Kf8 30. Bd4 f5 31. Nf2 g5 32. g3 gxf4 33. gxf4 Nb3
34. Ke3 a5 35. Kd3 Nc5+ 36. Kc3 Ke8 37. Kc2 Kd7 38. Nd1 Ne4 39. Bb6 a4 40. Be3
Kc6 41. b4 Kd5 42. Kd3 Bh4 43. Bg1 Bg3 44. Be3 h5 45. Kc2 Kc4 46. Nb2+ Kd5 47.
Nd1 Kc4 48. Nb2+ $11 Kd5 49. Nd1 Be1 50. Kd3 Bg3 1/2-1/2

[Event " ch N1"]
[Site "Noyon"]
[Date "2006.10.15"]
[Round "1.1"]
[White "Skripchenko, Almira"]
[Black "Magem Badals, Jordi"]
[Result "1/2-1/2"]
[WhiteElo "2427"]
[BlackElo "2487"]
[PlyCount "44"]
[EventDate "2006.10.15"]

1. e4 e5 2. Nf3 Nc6 3. Nc3 Nf6 4. d4 exd4 5. Nxd4 Bb4 6. Nxc6 bxc6 7. Bd3 d5 8.
exd5 cxd5 9. O-O O-O 10. Bg5 c6 11. Qf3 Bd6 12. Ne2 Bg4 13. Bxf6 Bxf3 14. Bxd8
Bxe2 15. Bxe2 Rfxd8 16. Rad1 Be5 17. b3 Bc3 18. Rd3 d4 19. Rf3 g6 20. Bc4 Rd7
21. Rd1 Re7 22. g3 Kg7 1/2-1/2

[Event " ch N1"]
[Site "Noyon"]
[Date "2006.10.15"]
[Round "1.2"]
[White "Adla, Diego"]
[Black "Sorbe, Stephane"]
[Result "1-0"]
[WhiteElo "2487"]
[BlackElo "2323"]
[PlyCount "115"]
[EventDate "2006.10.15"]

1. c4 f5 2. g3 Nf6 3. Bg2 g6 4. Nf3 Bg7 5. O-O O-O 6. Nc3 d6 7. d3 e5 8. b4 h6
9. Rb1 g5 10. b5 Nbd7 11. a4 Qe8 12. Nd2 Rb8 13. e3 Nc5 14. d4 Ne6 15. Re1 Qg6
16. Nd5 Qf7 17. dxe5 dxe5 18. Ba3 Re8 19. Qc2 e4 20. Nxf6+ Bxf6 21. f3 exf3 22.
Bxf3 Ng7 23. Bc5 b6 24. Bd4 Be6 25. Qc3 Rf8 26. Rf1 Rbd8 27. Be2 Qe7 28. Rbe1
Bc8 29. Bf3 Be6 30. Nb3 Ne8 31. c5 Qf7 32. Bd1 Qd7 33. Bc2 Bg7 34. Bxg7 Nxg7
35. Nd4 Bd5 36. c6 Qc8 37. Rd1 Be4 38. Bxe4 fxe4 39. Qb3+ Kh7 40. Rf7 Rxf7 41.
Qxf7 Rf8 42. Qd7 Kg6 43. Nc2 Ne6 44. Nb4 Nc5 45. Qxc8 Rxc8 46. Rd7 Kf5 47. Re7
Ne6 48. Nd5 Ke5 49. Rd7 h5 50. h3 Nc5 51. Rxc7 Rd8 52. Nb4 Rd1+ 53. Kf2 Kd6 54.
Rf7 Nd3+ 55. Nxd3 exd3 56. Rxa7 Rd2+ 57. Kf3 Ke6 58. Rd7 1-0

[Event " ch N1"]
[Site "Noyon"]
[Date "2006.10.15"]
[Round "1.3"]
[White "Rainfray, Arnaud"]
[Black "Housieaux, David"]
[Result "1-0"]
[WhiteElo "2386"]
[BlackElo "2336"]
[PlyCount "95"]
[EventDate "2006.10.15"]

1. e4 e6 2. d4 d5 3. Nc3 Bb4 4. Nge2 Nc6 5. a3 Ba5 6. Be3 Nge7 7. e5 Nf5 8. Ng3
Nxe3 9. fxe3 Qg5 10. Qf3 f6 11. h4 Qh6 12. exf6 Qxf6 13. Nh5 Qxf3 14. gxf3 g6
15. Nf4 O-O 16. O-O-O Ne7 17. Bd3 c5 18. dxc5 d4 19. Nce2 dxe3 20. Bc4 Bd2+ 21.
Kb1 Kh8 22. Rdg1 e5 23. Nd3 Nc6 24. h5 Kg7 25. Bd5 Bf5 26. Ng3 Ne7 27. Nxf5+
Rxf5 28. Bxb7 Rb8 29. Be4 Rf6 30. hxg6 hxg6 31. Nxe5 Bc3 32. Nd3 e2 33. Kc1
e1=Q+ 34. Rxe1 Bxe1 35. Rxe1 a5 36. b4 Nc6 37. c3 Na7 38. Kc2 axb4 39. cxb4 Nb5
40. Kb2 Nd4 41. Ne5 Re6 42. Bd5 Ree8 43. Re4 Nb5 44. Bc6 Re7 45. Nd7 Rxe4 46.
fxe4 Re8 47. Bxb5 g5 48. e5 1-0

[Event " ch N1"]
[Site "Noyon"]
[Date "2006.10.15"]
[Round "1.4"]
[White "Nguyen, Chi-Minh"]
[Black "Delorme, Axel"]
[Result "1-0"]
[WhiteElo "2372"]
[BlackElo "2274"]
[PlyCount "103"]
[EventDate "2006.10.15"]

1. d4 d5 2. c4 c6 3. Nc3 Nf6 4. Nf3 a6 5. e3 b5 6. c5 Bg4 7. Qb3 Nbd7 8. a4
Bxf3 9. gxf3 e5 10. Qa3 b4 11. Qxb4 Rb8 12. Qa3 a5 13. Bd2 Nh5 14. Ne2 Be7 15.
Qc3 Ra8 16. Ng3 Nxg3 17. hxg3 Bf6 18. Bd3 g6 19. Kf1 O-O 20. b4 Qe7 21. Ra2 e4
22. fxe4 dxe4 23. Be2 axb4 24. Qxb4 Qe6 25. Qc4 Qf5 26. a5 Rfb8 27. Kg2 h5 28.
Qa4 Rc8 29. a6 Nf8 30. Rb2 Bd8 31. Ba5 Bxa5 32. Qxa5 Ne6 33. Rb7 Ng5 34. Rh4
Qe6 35. Qa4 Kg7 36. a7 Nf3 37. Bxf3 exf3+ 38. Kxf3 g5 39. Rh2 Qg4+ 40. Kg2 Qe4+
41. Kf1 Qd3+ 42. Ke1 Kg6 43. Qa2 Qf5 44. Kd2 Re8 45. Qc2 Re4 46. Qa2 Ree8 47.
Qb3 Re6 48. Qd3 Qxd3+ 49. Kxd3 f5 50. f3 g4 51. fxg4 fxg4 52. Ra2 1-0

[Event " ch N1"]
[Site "Noyon"]
[Date "2006.10.15"]
[Round "1.5"]
[White "Daurelle, Herve"]
[Black "Clery, Nicolas"]
[Result "1/2-1/2"]
[WhiteElo "2234"]
[BlackElo "2313"]
[PlyCount "82"]
[EventDate "2006.10.15"]

1. e4 e6 2. d4 d5 3. Nd2 Nf6 4. e5 Nfd7 5. c3 c5 6. Bd3 Nc6 7. Ne2 cxd4 8. cxd4
f6 9. exf6 Nxf6 10. O-O Bd6 11. Nf3 Qc7 12. Bg5 O-O 13. Rc1 Bd7 14. Ng3 h6 15.
Bd2 Rac8 16. Bc3 Be8 17. Qe2 Bf7 18. Ne5 Bxe5 19. dxe5 Nd7 20. Bb4 Rfe8 21. Bd6
Qb6 22. Bb1 Ne7 23. Rxc8 Nxc8 24. Qc2 Nxd6 25. Qh7+ Kf8 26. Qh8+ Ke7 27. exd6+
Kf6 28. Qh7 Qxd6 29. Rd1 Qe5 30. Qc2 g6 31. h4 h5 32. Ne4+ Qxe4 33. Qxe4 dxe4
34. Rxd7 Re7 35. Rxe7 Kxe7 36. Bxe4 e5 37. a3 b6 38. Kf1 Kf6 39. Ke2 g5 40. g3
gxh4 41. gxh4 Ke7 $11 1/2-1/2

[Event " ch N1"]
[Site "Noyon"]
[Date "2006.10.15"]
[Round "1.6"]
[White "Aguettaz, Maxime"]
[Black "Sanchez, Louis"]
[Result "1-0"]
[WhiteElo "2300"]
[BlackElo "2267"]
[PlyCount "83"]
[EventDate "2006.10.15"]

1. Nf3 c5 2. c4 Nf6 3. Nc3 e6 4. g3 b6 5. Bg2 Bb7 6. O-O Be7 7. b3 O-O 8. Bb2
Ne4 9. Nxe4 Bxe4 10. d3 Bb7 11. e4 d6 12. Qe2 Nc6 13. d4 cxd4 14. Nxd4 Nxd4 15.
Bxd4 Re8 16. Rfd1 Qc7 17. a4 Rab8 18. Ra2 Bc6 19. h4 Bf8 20. Qg4 a6 21. Kh2 Qb7
22. Bh1 Ra8 23. Bc3 Rec8 24. Bb4 Rd8 25. Rad2 Qc7 26. Qf4 e5 27. Qe3 d5 28.
exd5 Bxb4 29. dxc6 Rxd2 30. Rxd2 Bxd2 31. Qxd2 Rd8 32. Bd5 a5 33. Qe3 Kf8 34.
Qf3 Re8 35. Qf5 Qd6 36. Kg2 g6 37. Qf3 f5 38. Qe3 Kg7 39. Qxb6 Rb8 40. Qxa5 f4
41. Qa7+ Kh8 42. Qd7 1-0

[Event " ch N1"]
[Site "Noyon"]
[Date "2006.10.15"]
[Round "1.7"]
[White "Coste, Thierry"]
[Black "Carton, Camille"]
[Result "1/2-1/2"]
[WhiteElo "2225"]
[BlackElo "2203"]
[PlyCount "44"]
[EventDate "2006.10.15"]

1. e4 d5 2. d4 dxe4 3. Bf4 Nf6 4. Nc3 c6 5. f3 e3 6. Bxe3 Qb6 7. Qd2 Qxb2 8.
Rb1 Qa3 9. Bc4 e6 10. Nge2 Nbd7 11. O-O Bb4 12. Qd3 b5 13. Bb3 Be7 14. Nf4 e5
15. dxe5 Nxe5 16. Qd4 Ng6 17. Ne4 Nxf4 18. Bxf4 O-O 19. Kh1 Bf5 20. Bc1 Qa5 21.
Bg5 Bg6 22. Bxf6 Bxf6 1/2-1/2

[Event " ch N1"]
[Site "Noyon"]
[Date "2006.10.15"]
[Round "1.8"]
[White "Marchand, Laetitia"]
[Black "Keller, Christophe"]
[Result "0-1"]
[WhiteElo "1499"]
[BlackElo "2228"]
[PlyCount "27"]
[EventDate "2006.10.15"]

1. h4 d5 2. Nh3 Nf6 3. Nf4 e5 4. Nd3 Bd6 5. g3 c5 6. Bg2 c4 7. Nb4 Bxb4 8. a3
Bc5 9. Rh3 Bxh3 10. Bxh3 Ne4 11. f3 Nxg3 12. e3 Qxh4 13. Bf1 Nh1+ 14. Ke2 {
Qf2#0-1} 0-1

[Event " ch N1"]
[Site "Evry Grand Roque II"]
[Date "2006.10.15"]
[Round "1.1"]
[White "Justo, Damian"]
[Black "Roser, Kevin"]
[Result "0-1"]
[WhiteElo "2306"]
[BlackElo "2384"]
[PlyCount "82"]
[EventDate "2006.10.15"]

1. d4 Nf6 2. Nf3 e6 3. e3 b6 4. Bd3 Bb7 5. O-O Be7 6. c4 O-O 7. Nc3 d5 8. Qe2
c5 9. dxc5 bxc5 10. Rd1 Qb6 11. b3 Rd8 12. Na4 Qc7 13. Bb2 Bc6 14. Rac1 Bxa4
15. bxa4 Nbd7 16. cxd5 exd5 17. Nd4 c4 18. Bb1 Bf8 19. Nb5 Qb7 20. Bf5 a6 21.
Nd4 Nc5 22. Bc2 Qd7 $11 23. Nf3 Nfe4 24. Rd4 Be7 25. Rcd1 Qe6 26. Nd2 Bf6 27.
Nxe4 Nxe4 28. f3 Bxd4 29. Rxd4 Nf6 30. Rh4 h6 31. Qd2 Rab8 32. Bc3 Nd7 33. Rg4
Ne5 34. Rg3 f6 35. Qd4 Nc6 36. Qf4 Kf8 37. Bf5 Qe7 38. Rg6 Ne5 39. Rg3 Qa3 40.
Bxe5 Qc1+ 41. Kf2 fxe5 0-1

[Event " ch N1"]
[Site "Evry Grand Roque II"]
[Date "2006.10.15"]
[Round "1.2"]
[White "Houhou, Olivier"]
[Black "Debray, Christopher"]
[Result "1-0"]
[WhiteElo "2281"]
[BlackElo "2269"]
[PlyCount "87"]
[EventDate "2006.10.15"]

1. e4 c5 2. Nf3 e6 3. d4 cxd4 4. Nxd4 a6 5. Bd3 Qc7 6. O-O Nf6 7. Qe2 Bd6 8.
Kh1 Nc6 9. Nxc6 dxc6 10. f4 e5 11. f5 h5 12. Be3 Ng4 13. Bg1 Qe7 14. Nd2 b5 15.
a4 Bb7 16. Nb3 Rc8 17. axb5 cxb5 18. c4 O-O 19. cxb5 axb5 20. Bxb5 Qh4 21. Ba6
Bxe4 22. Bxc8 Rxc8 23. Rac1 Rxc1 24. Nxc1 Bc5 25. Qe1 Qe7 26. h3 Bxg1 27. hxg4
Ba7 28. g5 Ba8 29. Qd2 h4 30. Rd1 Bb6 31. Kh2 e4 32. Ne2 Bc7+ 33. g3 hxg3+ 34.
Nxg3 Qe5 35. Qe3 Qxb2+ 36. Rd2 Qb1 37. g6 Bb6 38. gxf7+ Kxf7 39. Qf4 Ba5 40.
Rd7+ Kg8 41. Qe5 Qc2+ 42. Kh3 Bc3 43. Qe8+ Kh7 44. Qg6+ 1-0

[Event " ch N1"]
[Site "Evry Grand Roque II"]
[Date "2006.10.15"]
[Round "1.3"]
[White "Roumegous, Marina"]
[Black "Geffroy, Laurent"]
[Result "1/2-1/2"]
[WhiteElo "2202"]
[BlackElo "2246"]
[PlyCount "55"]
[EventDate "2006.10.15"]

1. d4 Nf6 2. Bg5 Ne4 3. Bf4 c5 4. f3 Qa5+ 5. c3 Nf6 6. d5 Qb6 7. Bc1 g6 8. e4
d6 9. Nd2 Bg7 10. a4 O-O 11. Be2 Qd8 12. Nc4 Na6 13. Be3 Nc7 14. Qd2 b6 15. g4
Ba6 16. Nh3 Bxc4 17. Bxc4 Qd7 18. Nf4 a6 19. g5 Nfe8 20. h4 e5 21. dxe6 fxe6
22. h5 Qf7 23. hxg6 hxg6 24. Rh3 Be5 25. Nd3 Bg7 26. Nf4 Be5 27. Nd3 Bg7 28.
Nf4 1/2-1/2

[Event " ch N1"]
[Site "Evry Grand Roque II"]
[Date "2006.10.15"]
[Round "1.4"]
[White "Wittmann, Marc"]
[Black "Guillon, Cyril"]
[Result "1-0"]
[WhiteElo "2231"]
[BlackElo "2224"]
[PlyCount "83"]
[EventDate "2006.10.15"]

1. e4 c5 2. Nf3 Nc6 3. d4 cxd4 4. Nxd4 Nf6 5. Nc3 e5 6. Ndb5 d6 7. Nd5 Nxd5 8.
exd5 Nb8 9. c4 Be7 10. Bd3 a6 11. Nc3 O-O 12. O-O f5 13. f3 Nd7 14. Be3 Bg5 15.
Bf2 e4 16. fxe4 f4 17. Bd4 Bf6 18. Be2 Bxd4+ 19. Qxd4 Ne5 20. Kh1 h5 21. c5 Bg4
22. cxd6 Qxd6 23. Bf3 Rac8 24. Rae1 Rc4 25. Qd2 g5 26. Ne2 Bd7 27. b3 Rc7 28.
g3 Bh3 29. gxf4 gxf4 30. Rg1+ Kh7 31. Nd4 Qh6 32. Qe2 Rc3 33. Rc1 Rfc8 34. Rxc3
Rxc3 35. Qf2 Nd3 36. Qh4 Rc7 37. Be2 f3 38. Bxf3 Rf7 39. Rg5 Rf4 40. Qxh5 Nf2+
41. Kg1 Ng4 42. Nf5 1-0

[Event " ch N1"]
[Site "Evry Grand Roque II"]
[Date "2006.10.15"]
[Round "1.5"]
[White "Maisuradze, Nino"]
[Black "Harovelo, Ingmar"]
[Result "1-0"]
[WhiteElo "2191"]
[BlackElo "2226"]
[PlyCount "47"]
[EventDate "2006.10.15"]

1. d4 Nf6 2. c4 e6 3. Nc3 Bb4 4. Qc2 c5 5. dxc5 Na6 6. a3 Bxc3+ 7. Qxc3 Nxc5 8.
f3 a5 9. e4 d6 10. Be3 Qc7 11. Rd1 a4 12. Qd4 Ra6 13. e5 Qa5+ 14. Qd2 Qxd2+ 15.
Rxd2 Nfd7 16. exd6 O-O 17. Ne2 Rd8 18. Nc3 Nb3 19. Rd1 Ndc5 20. Nb5 Bd7 21. Nc7
Rc6 22. g3 Na5 23. Nb5 Be8 24. Na7 1-0

[Event " ch N1"]
[Site "Evry Grand Roque II"]
[Date "2006.10.15"]
[Round "1.6"]
[White "Emmenecker, Philippe"]
[Black "Guyard, Rodolphe"]
[Result "1-0"]
[WhiteElo "2195"]
[BlackElo "2149"]
[PlyCount "82"]
[EventDate "2006.10.15"]

1. d4 b6 2. c4 e6 3. Nc3 Bb4 4. e3 Bb7 5. Nge2 f5 6. Nf4 Nf6 7. Bd3 O-O 8. O-O
Bxc3 9. bxc3 Qe8 10. Ba3 g5 11. Nh3 Rf7 12. c5 Rg7 13. c4 Nc6 14. d5 Ne7 15.
Bb2 Qg6 16. c6 dxc6 17. dxe6 c5 18. Qc2 Rf8 19. Rad1 Qh5 20. Be2 Qh6 21. Rd7
Nxd7 22. exd7 Rg6 23. Qc3 Kf7 24. Rd1 Rd6 25. Rxd6 cxd6 26. Bh5+ Ke6 27. Be8
Nc6 28. f4 gxf4 29. exf4 Ke7 30. Qe3+ Kd8 31. Ng5 Kc7 32. Ne6+ Kb8 33. Bg7 Qh4
34. Bxf8 Qg4 35. Bxd6+ Ka8 36. Nc7+ Kb8 37. Nd5+ Ka8 38. Nxb6+ axb6 39. Qa3+
Na5 40. d8=Q+ Ka7 41. Qb8+ Ka6 1-0

[Event " ch N1"]
[Site "Evry Grand Roque II"]
[Date "2006.10.15"]
[Round "1.7"]
[White "Roumegous, Etienne"]
[Black "Akl, Nabil"]
[Result "1-0"]
[WhiteElo "2115"]
[BlackElo "2152"]
[PlyCount "59"]
[EventDate "2006.10.15"]

1. d4 Nf6 2. c4 e6 3. Nc3 Bb4 4. Qc2 O-O 5. e4 d5 6. e5 Ne4 7. Bd3 c5 8. Nf3
cxd4 9. Nxd4 Nxc3 10. bxc3 dxc4 11. Bxh7+ Kh8 12. cxb4 Qxd4 13. Bb2 Qh4 14. Be4
Nc6 15. Qxc4 Bd7 16. a3 Rac8 17. Qe2 Rc7 18. Rd1 Ne7 19. O-O Bb5 20. Bd3 Bc6
21. Rc1 Rcc8 22. Rc4 Qg5 23. g3 Nf5 24. Bc1 Qg6 25. Rg4 Qh7 26. Be3 Rfd8 27.
Bxa7 Rxd3 28. Qxd3 Qh3 29. f3 Bb5 30. Qxb5 1-0

[Event " ch N1"]
[Site "Evry Grand Roque II"]
[Date "2006.10.15"]
[Round "1.8"]
[White "Baldi, Elise"]
[Black "Baumhauer, Christian"]
[Result "1/2-1/2"]
[WhiteElo "1760"]
[BlackElo "2030"]
[PlyCount "109"]
[EventDate "2006.10.15"]

1. d4 Nf6 2. c4 e6 3. Nc3 Bb4 4. g3 O-O 5. Bg2 d5 6. Qb3 Nc6 7. Nf3 a5 8. O-O
Re8 9. a3 Bxc3 10. bxc3 a4 11. Qa2 Ne4 12. Bd2 Na5 13. cxd5 exd5 14. Rfe1 Nb3
15. Rad1 Nbxd2 16. Rxd2 Nxd2 17. Nxd2 c6 18. Qc2 Qd6 19. Qc1 Qh6 20. e4 dxe4
21. Bxe4 Be6 22. Re3 f5 23. Bd3 f4 24. Re4 Rf8 25. Rxe6 Qxe6 26. Bc4 Rae8 27.
Bxe6+ Rxe6 28. Qd1 Rfe8 29. Nf3 fxg3 30. hxg3 b5 31. Ne5 Rd8 32. Qc2 g6 33. Qa2
Rdd6 34. c4 Kg7 35. cxb5 cxb5 36. Qb2 Rd5 37. Qb4 Red6 38. Nf3 h5 39. Kf1 Kf6
40. Ke2 g5 41. Ke3 Re6+ 42. Ne5 Red6 43. Nf3 Re6+ 44. Kd3 Red6 45. Nd2 Kf5 46.
Ne4 Rd8 47. Nc3 Rxd4+ 48. Qxd4 Rxd4+ 49. Kxd4 h4 50. gxh4 gxh4 51. Ke3 Kg4 52.
f3+ Kg3 53. Ne2+ Kg2 54. Nf4+ Kg1 55. Ne2+ 1/2-1/2

[Event "N1B"]
[Site "Nantes"]
[Date "2006.11.25"]
[Round "2.1"]
[White "Tirard, Hugo"]
[Black "Dumitrache, Dragos-Nicolae"]
[Result "1/2-1/2"]
[WhiteElo "2466"]
[BlackElo "2445"]
[PlyCount "51"]
[EventDate "2006.11.25"]
[WhiteTeam "Deauville"]
[BlackTeam "Guingamp"]

1. e4 e5 2. Nf3 Nc6 3. Bb5 a6 4. Ba4 Nf6 5. O-O Be7 6. Re1 b5 7. Bb3 O-O 8. h3
d6 9. c3 Na5 10. Bc2 c5 11. d4 cxd4 12. cxd4 Bb7 13. Nbd2 Rc8 14. Nf1 Qc7 15.
Re2 Nc6 16. Bg5 h6 17. Bxf6 Bxf6 18. d5 Nb4 19. Bb3 a5 20. a3 Na6 21. Ne3 Nc5
22. Nf5 Kh7 23. g4 g6 24. Ng3 Nxb3 25. Qxb3 Ba6 26. Qe3 $11 1/2-1/2

[Event "N1B"]
[Site "Nantes"]
[Date "2006.11.25"]
[Round "2.2"]
[White "Le Roux, Jean-Pierre"]
[Black "Houska, Jovanka"]
[Result "0-1"]
[WhiteElo "2494"]
[BlackElo "2364"]
[PlyCount "66"]
[EventDate "2006.11.25"]
[WhiteTeam "Guingamp"]

1. d4 d5 2. c4 c6 3. Nc3 Nf6 4. Nf3 e6 5. e3 Nbd7 6. Bd3 dxc4 7. Bxc4 b5 8. Bd3
b4 9. Na4 Bb7 10. e4 c5 11. e5 Nd5 12. O-O h6 13. Qe2 a6 14. Rd1 Qa5 15. b3
N7b6 16. Bd2 Nxa4 17. bxa4 Be7 18. Rac1 Nc3 19. Bxc3 bxc3 20. h4 Rd8 21. Bc2
Bxf3 22. Qxf3 cxd4 23. Qg3 g6 24. Rb1 Kf8 25. Rd3 Rg8 26. Rf3 g5 27. hxg5 hxg5
28. Rb7 Qd5 29. Rc7 g4 30. Rf4 d3 31. Bb3 d2 32. Bd1 Qd3 33. Rxc3 Qb1 0-1

[Event "N1B"]
[Site "Nantes"]
[Date "2006.11.25"]
[Round "2.3"]
[White "Coursaget, Nicolas"]
[Black "Terrieux, Kevin"]
[Result "1-0"]
[WhiteElo "2323"]
[BlackElo "2345"]
[PlyCount "195"]
[EventDate "2006.11.25"]
[WhiteTeam "Deauville"]
[BlackTeam "Guingamp"]

1. d4 Nf6 2. c4 e6 3. Nc3 Bb4 4. Qc2 O-O 5. a3 Bxc3+ 6. Qxc3 b6 7. Bg5 Bb7 8.
Nf3 d6 9. Nd2 Nbd7 10. f3 e5 11. e4 a5 12. Bd3 Qe7 13. O-O exd4 14. Qxd4 Qe5
15. Qxe5 dxe5 16. b4 Rfd8 17. Be2 Nf8 18. c5 Ne6 19. Be3 bxc5 20. bxc5 Nxc5 21.
Rfc1 Ne6 22. Bc4 Nd4 23. Rab1 Bc8 24. Bf1 Ne8 25. Rc5 f6 26. Bxd4 Rxd4 27. Bc4+
Kf8 28. Bd5 Ra7 29. Nb3 Ra4 30. Ra1 Nd6 31. Kf2 Ke7 32. Rac1 Kd8 33. Ra1 Bd7
34. Rcc1 Nb5 35. Nc5 Rxa3 36. Rxa3 Nxa3 37. Nxd7 Kxd7 38. Rc3 Nb1 39. Rb3 Nd2
40. Rd3 Nxf3 41. Kxf3 c5 42. Bb3+ Ke7 43. Ba4 h5 44. Rb3 g6 45. Rb8 f5 46. Re8+
Kf6 47. Rf8+ Kg5 48. h4+ Kxh4 49. exf5 gxf5 50. Rxf5 Rg7 51. Rxe5 Rf7+ 52. Ke3
Kg3 53. Rg5+ Kh2 54. Bc6 h4 55. Rxc5 a4 56. Rh5 Kg3 57. Rg5+ Kh2 58. Rg4 Rh7
59. Kf2 a3 60. Ra4 h3 61. g4 Rc7 62. Be4 Rc3 63. g5 Rc4 64. g6 Rxa4 65. g7 Rxe4
66. g8=Q Rf4+ 67. Ke3 Rf5 68. Qa2+ Kg3 69. Qg8+ Kh2 70. Qb8+ Kg2 71. Qb7+ Kg3
72. Qc7+ Kg4 73. Qg7+ Rg5 74. Qd7+ Kg3 75. Qe7 Kg4 76. Qe6+ Kg3 77. Qf6 Kg4 78.
Qf3+ Kh4 79. Kf4 Rg7 80. Qf2+ Kh5 81. Qe2+ Kh4 82. Qe1+ Kh5 83. Qe5+ Kh6 84.
Qe6+ Kh7 85. Qxh3+ Kg8 86. Qb3+ Kh7 87. Kf5 Ra7 88. Qb6 Rf7+ 89. Ke6 Rg7 90.
Qb1+ Kg8 91. Qb3 a2 92. Kf6+ Kh7 93. Qc2+ Kh8 94. Qh2+ Kg8 95. Qxa2+ Kh7 96.
Qh2+ Kg8 97. Qh5 Ra7 98. Qg4+ 1-0

[Event "N1B"]
[Site "Nantes"]
[Date "2006.11.25"]
[Round "2.4"]
[White "Bodenez, Vincent"]
[Black "Colin, Vincent"]
[Result "0-1"]
[WhiteElo "2197"]
[BlackElo "2418"]
[PlyCount "82"]
[EventDate "2006.11.25"]
[WhiteTeam "Guingamp"]

1. e4 c5 2. Nf3 Nc6 3. d4 cxd4 4. Nxd4 g6 5. Nc3 Bg7 6. Be3 Nf6 7. Bc4 d6 8. f3
Qb6 9. Ncb5 Qa5+ 10. Qd2 Qxd2+ 11. Kxd2 O-O 12. c3 Bd7 13. Bb3 Rfc8 14. Na3 Na5
15. Rhd1 a6 16. Ke2 b5 17. Rd2 Rab8 18. Rad1 Rc7 19. Kf2 Nb7 20. Ne2 Nc5 21.
Bxc5 Rxc5 22. Nc2 a5 23. a3 Rc7 24. Nf4 Bh6 25. g3 Bxf4 26. gxf4 Rc5 27. Ne1
Rh5 28. Ke3 b4 29. axb4 axb4 30. c4 Be6 31. Ra1 Nd7 32. Nd3 Kf8 33. Ra4 Nc5 34.
Nxc5 dxc5 35. Ra5 f6 36. Ra7 Rc8 37. Ba2 Ke8 38. b3 Rd8 39. Rg2 Rd1 40. Ra5 Rh1
41. Kf2 Bh3 0-1

[Event "N1B"]
[Site "Nantes"]
[Date "2006.11.25"]
[Round "2.5"]
[White "Godard, Maxence"]
[Black "Alanic, Xavier"]
[Result "1/2-1/2"]
[WhiteElo "2309"]
[BlackElo "2235"]
[PlyCount "98"]
[EventDate "2006.11.25"]
[WhiteTeam "Deauville"]
[BlackTeam "Guingamp"]

1. c4 c5 2. Nc3 Nc6 3. Nf3 g6 4. a3 Bg7 5. Rb1 a5 6. e3 e5 7. Be2 Nge7 8. O-O
O-O 9. Qc2 d6 10. d3 h6 11. Na2 Be6 12. b4 axb4 13. axb4 b5 14. bxc5 bxc4 15.
dxc4 dxc5 16. Rb5 Qc7 17. Nd2 Qa7 18. Rb2 e4 19. Nc3 Nb4 20. Qb3 f5 21. Rb1
Rfb8 22. Bb2 Nd3 23. Nb5 Nxb2 24. Nxa7 Rxb3 25. Nxb3 Rxa7 26. Nxc5 Bxc4 27.
Rxb2 Bxb2 28. Bxc4+ Kg7 29. Rb1 Ba3 30. Ne6+ Kf6 31. g3 Ra4 32. Bb3 Rb4 33. Nd4
Rb6 34. Ba2 Rxb1+ 35. Bxb1 Bb2 36. Ne2 Nc6 37. Ba2 g5 38. g4 fxg4 39. Bd5 Ne5
40. Bxe4 h5 41. Kg2 h4 42. Nd4 Bxd4 43. exd4 Nc4 44. f3 Nd2 45. Kf2 gxf3 46.
Bxf3 Kf5 47. h3 Kf4 48. Bb7 g4 49. hxg4 Kxg4 1/2-1/2

[Event "N1B"]
[Site "Nantes"]
[Date "2006.11.25"]
[Round "2.6"]
[White "Gicquel, Frederic"]
[Black "Geenen, Marc"]
[Result "1/2-1/2"]
[WhiteElo "2215"]
[BlackElo "2318"]
[PlyCount "68"]
[EventDate "2006.11.25"]
[WhiteTeam "Guingamp"]

1. d4 Nf6 2. Nf3 g6 3. c4 Bg7 4. Nc3 O-O 5. e4 d6 6. g3 e5 7. Bg2 Nbd7 8. d5
Nc5 9. Qc2 c6 10. O-O cxd5 11. cxd5 Qc7 12. Nd2 Bd7 13. Nb3 Na4 14. Bd2 Rac8
15. Rac1 Qb6 16. Nxa4 Bxa4 17. Qxc8 Rxc8 18. Rxc8+ Bf8 19. Bh6 Ne8 20. Be3 Qa6
21. Rfc1 b6 22. Rb8 Bd7 23. a3 Kg7 24. Bf1 Qa4 25. Nd2 Nf6 26. f3 Be7 27. Be2
Bb5 28. Bd1 Qa6 29. Rc7 Be2 30. Bb3 Bxf3 31. Bc4 Qa4 32. Nxf3 Qd1+ 33. Kg2 Qc2+
34. Nd2 Ng4 1/2-1/2